01332cjm a2200373 a 4500001000800000005001700008007001400025008004100039010001700080020001100097024001700108028002300125033002300148035002000171040001900191042001400210047001100224050001400235100002500249245006500274260004000339300005100379440003900430500006400469500001800533500005700551505002800608511017000636518003900806650003200845650002100877650002600898730003400924567390620200421093818.0sduzunznnmlne930318s1992 nyumun i d a 93706142  c$11.981 a07464470362702aCK 47036bColumbia1 a19700407a19701111 a(OCoLC)25760623 aIBrScDLCdDLC alccopycat ajzamp00aSDB 06096 aDavis, Miles,d1926-12aA tribute to Jack Johnsonh[sound recording] /cMiles Davis. aNew York, N.Y. :bColumbia,c[1992] a1 sound disc (53 min.) :bdigital ;c4 3/4 in. 0aColumbia jazz contemporary masters aOriginally released as a motion picture soundtrack in 1971. aCompact disc. aProgram notes (6 p. ; 12 cm.) inserted in container.0 aRight off -- Yesternow.0 aMiles Davis, trumpet ; Herbie Hancock, electric piano, organ ; John McLaughlin, guitar ; Billy Cobham, drums ; Steve Grossman, soprano sax ; Michael Henderson, bass. aRecorded Apr. 7 and Nov. 11, 1970. 0aTrumpet with jazz ensemble. 0aJazzy1971-1980. 0aMotion picture music.0 aJack Johnson (Motion picture)